| 000 | 00577nam a2200193Ia 4500 | ||
|---|---|---|---|
| 008 | 140626s9999 xx 000 0 und d | ||
| 100 | _aMiller, Kenneth. | ||
| 245 | 4 |
_aThe National Practitioner Data Bank : _bhistory and data / _cKenneth Miller. |
|
| 260 | _cc2012. | ||
| 300 | _a8 : 9, page 698 | ||
| 440 | _aThe Journal for Nurse Practitioners (JNP) | ||
| 521 | _aNUR | ||
| 650 | _aHealth care quality improvement act. | ||
| 650 | _aMalpractice. | ||
| 650 | _aNational Practitioner Data Bank. | ||
| 650 | _aNPDB. | ||
| 650 | _aPublic use data file. | ||
| 942 | _cSE | ||
| 999 |
_c121440 _d121440 |
||